000 00328nam a2200097Ia 4500
008 220120s9999||||xx |||||||||||||| ||und||
100 _aChandana M and others
_912541
245 0 _aCorrosive erosive were behavior pf 6063 AI under varied para
260 _aCoorg Institute of Technology
_bPonnampet
_c2008
650 _aCOMPUTER SCIENCE
999 _c138139
_d138139